| 000 | 005390000a22001930004500 | ||
|---|---|---|---|
| 005 | 20240315145924.0 | ||
| 008 | 230817t ||||| |||| 00| 0 eng d | ||
| 020 | _a1897693478 | ||
| 022 | _a03056252 | ||
| 027 | _a98/2 | ||
| 082 |
_a305.49 _bKAZ |
||
| 100 | _aKazi, Seema | ||
| 245 | _aMuslim women in India | ||
| 260 |
_aLondon : _bMinority rights group, _c1999 |
||
| 300 |
_a 39 p. : ill.; 30 cm _bBibliography included |
||
| 650 | _aMuslim women- India- Social conditions | ||
| 650 | _aMuslim women--Civil rights--India | ||
| 942 | _cRP | ||
| 999 |
_c146 _d146 |
||